Di tích - danh thắng và địa danh Kiên Giang
vv
Đã lưu trong:
| Tác giả chính: | |
|---|---|
| Định dạng: | Sách |
| Năm xuất bản: |
H.
Thanh niên
2011
|
| Series: | Hội văn nghệ dân gian Việt Nam
|
| Chủ đề: | |
| Tags: |
Thêm thẻ
Không có thẻ, Hãy là người đầu tiên gắn thẻ bản ghi này!
|
| LEADER | 00896nam a2200229 4500 | ||
|---|---|---|---|
| 082 | |a 915.9795 |b NG527A | ||
| 100 | |a Nguyễn Anh Động | ||
| 245 | |a Di tích - danh thắng và địa danh Kiên Giang |c Nguyễn Anh Động | ||
| 260 | |a H. |b Thanh niên |c 2011 | ||
| 300 | |a 247tr. |c 21cm | ||
| 490 | |a Hội văn nghệ dân gian Việt Nam | ||
| 520 | |a vv | ||
| 653 | |a Địa lý | ||
| 653 | |a Đại danh | ||
| 653 | |a Di tích | ||
| 653 | |a Danh thắng | ||
| 653 | |a Kiên Giang | ||
| 653 | |a Việt Nam | ||
| 942 | |2 ddc |c SH | ||
| 999 | |c 1265 |d 1265 | ||
| 952 | |0 0 |1 0 |2 ddc |4 0 |6 915_979500000000000 |7 0 |8 900 |9 24339 |a qbu |b qbu |c D5 |d 2014-12-08 |g 48000 |o 915.9795 |p 4597.C1 |r 0000-00-00 |w 2014-12-08 |y SH |0 0 |6 915_979500000000000 | ||
| 952 | |0 0 |1 0 |2 ddc |4 0 |6 915_979500000000000 |7 0 |8 900 |9 105848 |a qbu |b qbu |c D5 |d 2016-03-21 |g 48000 |l 1 |o 915.9795 |p 4597.C2 |r 2016-04-12 |s 2016-04-06 |w 2016-03-21 |y SH |0 0 |6 915_979500000000000 | ||